000 00870nam a2200277Ia 4500
005 20220316235637.0
008 121119s2002 sp a gr 000 0 spa
020 _a8478841296
041 0 _aspa
082 0 4 _a370.117
_bE28
245 0 0 _aEducación intercultural
_banálisis resolución de conflictos
_cBeatriz Aguilera Reija ... [et.al]
250 _aPrimera edición
300 _a268 páginas
_bilustraciones
490 0 _aTiempo libre
650 1 4 _aEducación intercultural
_2LEMB
650 1 4 _aMetodología
_2LEMB
650 1 4 _aEducación y estado
_2LEMB
650 1 4 _aMulticulturalismo
_2LEMB
700 1 _aReija, Beatriz
_939841
942 _2ddc
_cBK
264 _aMadrid
_bPopular
_c2002
336 _atexto
_btxt
_2rdacontent
337 _asin mediación
_bn
_2rdamedia
338 _avolumen
_bnc
_2rdacarrier
040 _aCO-BoRNBP
_bspa
_erda
_cCO-BoRNBP
999 _c1660
_d1660